| 000 | 00749nam a2200241Ia 4500 | ||
|---|---|---|---|
| 003 | OSt | ||
| 005 | 20220111175100.0 | ||
| 008 | 210716s2017 xx 000 0 und d | ||
| 020 | _a9789386062901 | ||
| 040 | _cAIMIT LIBRARY | ||
| 041 | _aeng | ||
| 082 |
_a001.42 _22 _bFLIU |
||
| 100 |
_aFlick, Uwe. _912997 |
||
| 245 |
_aIntroducing Research Methodology: _bA Beginners Guide to Doing a Research Project / _cby Uwe Flick. |
||
| 250 | _a2nd. ed . - | ||
| 260 |
_aNew Delhi: _bSage Publications, _c2017. |
||
| 300 | _axxii,295p. ; 23.5 cm. | ||
| 650 |
_aResearch Methodology. _912998 |
||
| 650 |
_aWorking with Data. _912999 |
||
| 650 |
_aPlanning and Design. _913000 |
||
| 650 |
_aSocial Research. _913001 |
||
| 942 |
_2ddc _cBK _e2nd _k001.42FLIU |
||
| 999 |
_c211498 _d211498 |
||